<?xml version="1.0" encoding="UTF-8"?>
<collection xmlns="http://www.loc.gov/MARC21/slim">
 <record>
  <leader>01953nam a2200301 a 4500</leader>
  <controlfield tag="001">1/51975</controlfield>
  <controlfield tag="008">210408s2020####gr       b b  001 | gre d</controlfield>
  <datafield tag="020" ind1=" " ind2=" ">
   <subfield code="a">9789600808599</subfield>
  </datafield>
  <datafield tag="040" ind1=" " ind2=" ">
   <subfield code="a">GR-PeUP</subfield>
  </datafield>
  <datafield tag="082" ind1="0" ind2="0">
   <subfield code="a">320.54 ΜΠΟ</subfield>
  </datafield>
  <datafield tag="100" ind1="1" ind2=" ">
   <subfield code="a">Μπουμπαγιατζόγλου, Χαράλαμπος Χ.</subfield>
  </datafield>
  <datafield tag="245" ind1="0" ind2="0">
   <subfield code="a">Αποσχιστικά κινήματα : </subfield>
   <subfield code="b">οι αξιώσεις ανεξαρτησίας σε σύγχρονα κράτη της Δυτικής Ευρώπη και οι στρατηγικές αποτροπής τους: οι περιπτώσεις της Σκωτίας και της Καταλονίας /</subfield>
   <subfield code="c">Χαράλαμπος Μπουμπαγιάτζογλου ; εισαγωγικό σημείωμα Μαριλένα Κοππά.</subfield>
  </datafield>
  <datafield tag="260" ind1=" " ind2=" ">
   <subfield code="a">Αθήνα :</subfield>
   <subfield code="b">Ι. Σιδέρης,</subfield>
   <subfield code="c">2020.</subfield>
  </datafield>
  <datafield tag="300" ind1=" " ind2=" ">
   <subfield code="a">351 σ. :</subfield>
   <subfield code="b">εικ. ; </subfield>
   <subfield code="c">24 εκ.</subfield>
  </datafield>
  <datafield tag="504" ind1=" " ind2=" ">
   <subfield code="a">Περιλαμβάνει βιβλιογραφικές παραπομπές (σ. 339-347 ) και ευρετήριο.</subfield>
  </datafield>
  <datafield tag="650" ind1=" " ind2="4">
   <subfield code="a">Κινήματα ανεξαρτησίας και αυτονόμησης.</subfield>
  </datafield>
  <datafield tag="650" ind1=" " ind2="4">
   <subfield code="a">Αυτοδιάθεση, Εθνική.</subfield>
  </datafield>
  <datafield tag="650" ind1=" " ind2="4">
   <subfield code="a">Εθνικισμός</subfield>
   <subfield code="z">Ευρώπη</subfield>
   <subfield code="x">Περιπτωσιολογικές μελέτες.</subfield>
  </datafield>
  <datafield tag="650" ind1=" " ind2="0">
   <subfield code="a">Autonomy and independence movements.</subfield>
  </datafield>
  <datafield tag="650" ind1=" " ind2="0">
   <subfield code="a">Self-determination, National.</subfield>
  </datafield>
  <datafield tag="650" ind1=" " ind2="0">
   <subfield code="a">Nationalism</subfield>
   <subfield code="z">Europe</subfield>
   <subfield code="x">Case Studies.</subfield>
  </datafield>
  <datafield tag="651" ind1=" " ind2="4">
   <subfield code="a">Καταλωνία (Ισπανία)</subfield>
   <subfield code="x">Κινήματα ανεξαρτησίας και αυτονόμησης.</subfield>
  </datafield>
  <datafield tag="651" ind1=" " ind2="4">
   <subfield code="a">Σκωτία</subfield>
   <subfield code="x">Κινήματα ανεξαρτησίας και αυτονόμησης.</subfield>
  </datafield>
  <datafield tag="651" ind1=" " ind2="0">
   <subfield code="a">Catalonia (Spain)</subfield>
   <subfield code="x">Movements of independence and autonomy.</subfield>
  </datafield>
  <datafield tag="651" ind1=" " ind2="0">
   <subfield code="a">Scotland</subfield>
   <subfield code="x">Independence and autonomy movements.</subfield>
  </datafield>
  <datafield tag="700" ind1="1" ind2=" ">
   <subfield code="a">Κόππα, Μαριλένα.</subfield>
  </datafield>
  <datafield tag="852" ind1=" " ind2=" ">
   <subfield code="a">INST</subfield>
   <subfield code="b">UNIPILB</subfield>
   <subfield code="c">MAIN</subfield>
   <subfield code="e">20210408</subfield>
   <subfield code="h">320.54 ΜΠΟ</subfield>
   <subfield code="p">00185039</subfield>
   <subfield code="q">00185039</subfield>
   <subfield code="t">LOAN</subfield>
   <subfield code="y">0</subfield>
   <subfield code="4">1</subfield>
  </datafield>
  <datafield tag="852" ind1=" " ind2=" ">
   <subfield code="a">INST</subfield>
   <subfield code="b">UNIPILB</subfield>
   <subfield code="c">MAIN</subfield>
   <subfield code="e">20210408</subfield>
   <subfield code="h">320.54 ΜΠΟ</subfield>
   <subfield code="p">00185040</subfield>
   <subfield code="q">00185040</subfield>
   <subfield code="t">LOAN</subfield>
   <subfield code="y">0</subfield>
   <subfield code="4">2</subfield>
  </datafield>
 </record>
</collection>
